|
|
|
|
| LEADER |
00938nam a2200325 4500 |
| 001 |
DLU120134255 |
| 005 |
##20120423 |
| 040 |
# |
# |
|a DLU
|b vie
|
| 041 |
# |
# |
|a vie
|
| 044 |
# |
# |
|a vn
|
| 082 |
# |
# |
|a 379
|b Cha
|
| 245 |
# |
# |
|a Chân dung những nhà cải cách giáo dục tiêu biểu trên thế giới /
|c Hoàng Thu Hà, Lương Việt Nhi, Nguyễn Phương Đông dịch.
|
| 260 |
# |
# |
|a H. :
|b Thế giới,
|c 2004.
|
| 300 |
# |
# |
|a 424 tr. :
|b ảnh chân dung ;
|c 21 cm.
|
| 650 |
# |
# |
|a Nhà giáo dục học
|x Tiểu sử.
|
| 650 |
# |
# |
|a Thay đổi giáo dục.
|
| 700 |
# |
# |
|a Hoàng Thu Hà,
|e dịch.
|
| 700 |
# |
# |
|a Lương Việt Nhi,
|e dịch.
|
| 700 |
# |
# |
|a Nguyễn Phương Đông,
|e dịch.
|
| 923 |
# |
# |
|a 01/2012SP
|
| 991 |
# |
# |
|a SH
|
| 992 |
# |
# |
|a 42000
|
| 994 |
# |
# |
|a KSP
|
| 900 |
# |
# |
|a True
|
| 911 |
# |
# |
|a Nguyễn Thanh Hương
|
| 925 |
# |
# |
|a G
|
| 926 |
# |
# |
|a A
|
| 927 |
# |
# |
|a SH
|
| 980 |
# |
# |
|a Thư viện Trường Đại học Đà Lạt
|